| 000 | 00823pam a2200241 a 4500 | ||
|---|---|---|---|
| 001 | 4887378 | ||
| 005 | 20180215091822.0 | ||
| 008 | 930326s1993 nyua b 001 0 eng | ||
| 010 | _a 93013202 | ||
| 020 | _a0517413612 | ||
| 040 |
_aDLC _cDLC _dDLC |
||
| 041 | _aeng | ||
| 043 | _an-us--- | ||
| 080 | _a973 EL | ||
| 082 | 0 | 0 |
_a973 EL _220 |
| 100 | 1 | _a42 | |
| 101 | _aGEO | ||
| 245 | 1 | 0 |
_aAmerican places / _cEliot Porter ; Wallace Stegner & Page Stegner ; edited by John Macrae, III. |
| 504 | _aIncludes bibliographical references (p. 218-222) and index. | ||
| 906 |
_a7 _bcbc _corignew _d1 _eocip _f19 _gy-gencatlg |
||
| 942 |
_2ddc _cBK |
||
| 999 |
_c42702 _d42702 |
||